000 00566nam a22001817a 4500
005 20231113063237.0
008 231113b |||||||| |||| 00| 0 eng d
020 _a0702151165
041 _aEnglish
082 _a346.1 BOB
100 _aVan Heerden, B et al.
_lEnglish
245 _aBoberg's Law of Persons and the Family /
_cB Van Heerden et al.
250 _aSecond Edition
260 _aCape Town :
_bJuta and Company Ltd,
_c1999
300 _bxcviii, 981 pages ;
_c26 cm.
650 _aLegal practice
_bLaw
942 _cBK
_6ALISON_BN_VRIES
999 _c537
_d537